[Event "IECC CL5-2009.03 email"]
[Site "IECC email"]
[Date "2009.03.10"]
[Round "?"]
[White "Lee, Richard Henry"]
[Black "D'Aragona, Vittoria"]
[Result "1-0"]
[WhiteElo "1467"]
[BlackElo "1265"]
[PlyCount "39"]
[EventDate "2009.??.??"]
[EventType "tourn (corr)"]
[EventRounds "4"]
[SourceTitle "Corr 2011"]
[Source "ChessBase"]
[SourceDate "2010.08.31"]
[SourceVersion "1"]
[SourceVersionDate "2010.08.31"]
[SourceQuality "1"]
[WhiteTeam "US of America"]
[BlackTeam "Italy"]
[WhiteTeamCountry "USA"]
[BlackTeamCountry "ITA"]

1. g3 e5 2. c4 d6 3. Nc3 Nf6 4. d3 Be7 5. Nf3 0-0 6. Bg2 Bg4 7. 0-0 Nc6 8. h3 Be6 9. d4 Bxc4 10. d5 Nb4 11. Ng5 Nbxd5 12. Nxd5 Bxd5 13. Bxd5 Nxd5 14. Nxh7 Kxh7 15. Qxd5 Qc8 16. Kg2 c6 17. Qe4+ Kg8 18. Be3 d5 19. Qxe5 Qb8 20. Qxe7 1-0